01121 2200361 4500001002100000005001500021035002000036007000300056040001700059100002700076245013800103250001400241300004400255504003100299020001800330041000800348082001000356084001700366090002300383264004500406336002100451337003000472338002300502500002900525650001000554700003800564700004000602850001000642008004100652990002200693990002200715990002200737INLIS00000000000717620260603111214 a0010-0822000150ta aSBPUPADbInd0 aHans TandraePengarang1 aVirus Corona Baru Covid-Sembilan Belas :bKenali, Cegah, Lindungi Diri Sendiri & Orang Lain /cHns Tandra,; Editor, Dian Christine F. a.- Cet. 1 aviii + 140 Hlm. :billus. ;c15 x 21 cm aBibliografi, hal. 99 - 101 a978623723964207aInd a579.2 a579.2 HAN. v a579.2 HAN. v L17-3 a.--Yogyakarta :bRapha Publishing,c2020 2rdacontentateks 2rdamediaatanpa perantara 2rdacarrieravolume aTentang Penulis hal. 103 4aVirus0 aEditor, Dian ChristineePengarang aSetting, Eri AndwiatwoniePengarang aPUPAD260603 0  a36.583/B/DPK/2022 a36.582/B/DPK/2022 a36.584/B/DPK/2022